000 00269 a2200145 4500
001 165707
020 _a
040 _cMagnum
100 _aSaldanha, Paula
240 1 0 _aTuc-tuc
_lpor
245 1 0 _aTuc-tuc
362 0 _a1899
697 _aIJ/ANIMAIS
942 _cBK
999 _c165707
_d165707